000 04855cam a22005418i 4500
001 9781003048503
003 FlBoTFG
005 20250131102539.0
006 m o d
007 cr |||||||||||
008 200421s2020 enk ob 001 0 eng
020 _a9781003048503
_q(ebook)
020 _a1003048501
020 _z9780367471842
_q(hardback)
020 _a9781000075762
_q(electronic bk. : EPUB)
020 _a1000075761
_q(electronic bk. : EPUB)
020 _z9780367505134
020 _a9781000075755
_q(electronic bk. : Mobipocket)
020 _a1000075753
_q(electronic bk. : Mobipocket)
020 _a9781000075748
_q(electronic bk. : PDF)
020 _a1000075745
_q(electronic bk. : PDF)
040 _aKO
_beng
041 0 _aeng
082 0 0 _a910.4
_223
245 0 0 _aRoutledge companion to marine and maritime worlds, 1400-1800 /
_cedited by Claire Jowitt, Craig Lambert, and Steve Mentz.
264 1 _aLondon ;
_aNew York, NY :
_bRoutledge/Taylor & Francis Group,
_c2020.
300 _a1 online resource
490 1 _aRoutledge companions
520 _a"The Routledge Companion to Marine and Maritime Worlds, 1400-1800 explores early modern maritime history, culture, and the current state of the research and approaches taken by experts in the field. Ranging from cartography to poetry and decorative design to naval warfare, the book shows how once-traditional and often Euro-chauvinistic depictions of oceanic 'mastery' during the early modern period have been replaced by newer global ideas. This comprehensive volume challenges underlying assumptions by balancing its assessment of the consequences and accomplishments of European navigators in the era of Columbus, da Gama, and Magellan, with an awareness of the sophistication and maritime expertise in Asia, the Arab world, and the Americas. By imparting riveting new stories and global perceptions of maritime history and culture, the contributors provide readers with fresh insights concerning early modern entanglements between humans and the vast, unpredictable ocean. With maritime studies growing and the ocean's health in decline, this volume is essential reading for academics and students interested in the historicization of the ocean and the ways early modern cultures both conceptualised and utilised seas"--
_cProvided by publisher.
505 0 _a1. Introduction: Oceans in Global History and Culture 1400-1800: Expanding Horizons Section 1: Historiography and the Premodern Sea 2. Why the Medieval Sea Mattered 3. Rediscovering the Age of Discovery 4. The Cartography of the Sea: Mapping England's 'Mastery of the Oceans' 5. Domestic Maritime Trade in Late Tudor England c.1565-85: A Case Study of King's Lynn and Plymouth 6. Global Networks in Maritime Worlds 1400-1800 7. Regionalism, Localism, and Individualism in the Ottoman Mediterranean: Seventeenth-Century Ottoman Seafarers' Tales 8. Port Towns and the 'Paramaritime' 9. Fishermen and their Families in Late Medieval and Tudor Kent 10. Ships and Shipping Technology 11. Navies and Naval Operations 12. Nautical Manuals and Ships' Instruments, 1550-1800: Lessons in Two and Three Dimensions 13. Spectacles of the Sea: Warship Decoration and Ideology in Early Modern Europe Section 3: Social and Political Seas 14. Tudor Shipmasters and Maritime Communities, 1550-1600 15. Women and the Sea, 1600-1800 16. Early Modern English Piracy and Privateering 17. Law and the Sea 18. 'Men Whose Vocation Calls us to Dangers Substantial': Healthcare in the Early English East India Company, 1601-11 19. English Trading Companies and the Sea 1550-1650: 'Beyond the Seas Merchant Like' 20. Transatlantic Tubers: New World Potatoes in Early Modern English Literature Section 4: Cultural Seas 21. Mutable, Associative, and Ugly: Oceanic Feelings in Middle English Literature and Medieval Natural Science 22. Enter Jack Tar: The Blue Water Mariner in Early Modern World Literature 23. Early Modern Maritime Heroes: Idols of the Sea 24. Sea Music and Shipboard Performance Culture 25. 'We Split!': Shipwreck in Early Modern European History and Culture
650 0 _aOcean and civilization
_xHistory.
650 0 _aNavigation
_xHistory.
650 0 _aNaval art and science
_xHistory.
650 0 _aShipping
_xHistory.
650 0 _aGlobalization
_xHistory.
650 0 _aMerchant marine
_xHistory.
650 0 _aSeafaring life in literature.
650 7 _aHISTORY / General
_2bisacsh
700 1 _aJowitt, Claire,
_eeditor.
700 1 _aLambert, Craig L.,
_eeditor.
700 1 _aMentz, Steve,
_eeditor.
856 4 0 _3Taylor & Francis
_uhttps://www.taylorfrancis.com/books/9781003048503
856 4 2 _3OCLC metadata license agreement
_uhttp://www.oclc.org/content/dam/oclc/forms/terms/vbrl-201703.pdf
904 _aRUDRA_R
905 _aR_RANJAN
942 _2 ddc
_cEB
999 _c3133
_d3133